countries that spend most time doing homework - Statistics

General Stats
  • This quiz has been taken 79 times
  • The average score is 6 of 15
Answer Stats
Average Homework Time, Per Week Country % Correct
6.1 United States of America
99%
13.8 China
88%
9.7 Russia
67%
6.5 spain
58%
8.7 Italy
51%
6.6 Poland
39%
7.3 Ireland
34%
9.4 Singapore
31%
7.3 Romania
30%
6.2 Hungary
28%
6.2 United Arab Emirates
25%
6.9 Estonia
22%
6.2 Latvia
22%
6.7 Lithuania
22%
8.8 Kazakhstan
13%
No matching quizzes found
Score Distribution
Percent of People with Each Score
Percentile by Number Answered
Your Score History
You have not taken this quiz